3rd Grade Multiplication! - Statistics

General Stats
  • This quiz has been taken 133 times
  • The average score is 13 of 15
Answer Stats
Hint Answer % Correct
1x3 3
100%
2x5 10
99%
8x8 64
98%
9x9 81
98%
9x3 27
97%
5x5x5 125
91%
6x4x2 48
88%
8x1x2 16
87%
4x3x2 24
87%
5x1x1 5
86%
4x4x1 16
82%
1x1x1x1x3 3
82%
6x5x1x2 60
82%
9x1x2x3 54
79%
5x4x3x2x1 120
74%
No matching quizzes found
Score Distribution
Percent of People with Each Score
Percentile by Number Answered
Your Score History
You have not taken this quiz